000 00627nam a22001937a 4500
999 _c11637
_d11637
008 200616b 1985 ||||| |||| 00| 0 eng d
020 _a090720614X
082 _a623.8207
_bIME
110 _aThe Institute of Marine Engineers
245 _aPolymers in a marine environment: 31 October-2 November 1984
260 _aLondon
_bMarine Management (Holdings) Ltd
_c1985
300 _a239 p.
440 _aTransactions: IMarE(C), Vol. 1, No. 2
504 _aIncludes bibliographical references
650 _aMarine engineering
650 _aOcean engineering
650 _aPolymers - Industrial applications
942 _cRT